[Event "CZE-chT2B 2223"]
[Site "Czech Republic"]
[Date "2022.12.04"]
[Round "4.6"]
[White "Sargsyan, Karen"]
[Black "Sulc, Jaromir"]
[Result "0-1"]
[WhiteElo "1856"]
[BlackElo "2074"]
[PlyCount "130"]
[EventDate "2022.10.16"]
[EventType "team-tourn"]
[EventRounds "11"]
[EventCountry "CZE"]
[SourceTitle "EXT 2024"]
[Source "ChessBase"]
[SourceDate "2023.10.10"]
[SourceVersion "1"]
[SourceVersionDate "2023.10.10"]
[SourceQuality "1"]
[WhiteTeam "Aurora"]
[BlackTeam "Litomerice II"]
[WhiteTeamCountry "CZE"]
[BlackTeamCountry "CZE"]

1. e4 e5 2. Nf3 Nc6 3. d4 exd4 4. Bc4 Nf6 5. Nxd4 Nxe4 6. Bxf7+ Kxf7 7. Qh5+ g6 8. Qd5+ Kg7 9. Nxc6 Nf6 10. Bh6+ Kxh6 11. Qd2+ Kg7 12. Nxd8 Bd6 13. 0-0 Rxd8 14. Nc3 a6 15. Rfe1 b6 16. Nd5 Nxd5 17. Qxd5 Rb8 18. b4 Bb7 19. Qd4+ Kg8 20. c4 Bxb4 21. Re2 Bc6 22. a3 Bc5 23. Qc3 d5 24. cxd5 Rxd5 25. Rae1 Rg5 26. Qf6 Rxg2+ 27. Kh1 Bd6 28. Re8+ Rxe8 29. Rxe8+ Bxe8 30. Kxg2 Bxa3 31. Qd8 Kf8 32. Qxc7 Bc5 33. Qxh7 a5 34. Qh8+ Kf7 35. Kf1 a4 36. Ke1 a3 37. f4 Bb5 38. Kd2 Bc4 39. Qh7+ Kf6 40. Qh4+ Kg7 41. f5 a2 42. f6+ Kf8 43. Qh8+ Kf7 44. Qg7+ Ke8 45. Qxg6+ Kd8 46. f7 a1Q 47. Qg5+ Kd7 48. Qf5+ Kc6 49. Qc8+ Kb5 50. Qxc5+ bxc5 51. f8Q Qb2+ 52. Kd1 Qxh2 53. Qe8+ Kb4 54. Qe1+ Ka4 55. Qe8+ Ka3 56. Qa8+ Kb2 57. Qb7+ Bb3+ 58. Ke1 Qe5+ 59. Kf1 c4 60. Qg2+ Kc1 61. Qg6 c3 62. Qh6+ Kb2 63. Qh3 c2 64. Qg2 Bc4+ 65. Kg1 Qe1+ 0-1